[Event "EUYCC 2025 - U10"]
[Site "?"]
[Date "2025.08.27"]
[Round "9.13"]
[White "Khichane, Selena"]
[Black "Karcz, Aleksandra"]
[Result "1/2-1/2"]
[BlackElo "1485"]
[WhiteElo "1528"]
[LiveChessVersion "1.4.8"]

1. e4 {[%clk 1:30:57]} e5 {[%clk 1:30:57]} 2. Nf3 {[%clk 1:31:18]} Nc6
{[%clk 1:31:23]} 3. Bb5 {[%clk 1:31:41]} a6 {[%clk 1:31:48]} 4. Ba4
{[%clk 1:32:02]} b5 {[%clk 1:32:11]} 5. Bb3 {[%clk 1:32:23]} Nf6 {[%clk 1:32:35]}
6. O-O {[%clk 1:32:30]} Be7 {[%clk 1:32:53]} 7. Re1 {[%clk 1:32:37]} O-O
{[%clk 1:32:56]} 8. c3 {[%clk 1:32:01]} d6 {[%clk 1:24:21]} 9. h3
{[%clk 1:28:53]} Bb7 {[%clk 1:24:25]} 10. d4 {[%clk 1:24:42]} exd4
{[%clk 1:23:26]} 11. cxd4 {[%clk 1:24:59]} h6 {[%clk 1:16:47]} 12. Bc2
{[%clk 1:23:44]} Re8 {[%clk 1:14:16]} 13. Nbd2 {[%clk 1:19:52]} Qd7
{[%clk 1:09:10]} 14. Nf1 {[%clk 1:16:47]} Bf8 {[%clk 1:04:35]} 15. Ng3
{[%clk 1:14:40]} Rad8 {[%clk 0:59:28]} 16. b3 {[%clk 1:10:41]} Qc8
{[%clk 0:53:38]} 17. Qd2 {[%clk 1:07:27]} d5 {[%clk 0:53:53]} 18. e5
{[%clk 1:05:49]} Bb4 {[%clk 0:44:56]} 19. Qd3 {[%clk 1:02:27]} Bxe1
{[%clk 0:44:06]} 20. exf6 {[%clk 1:02:35]} g6 {[%clk 0:43:14]} 21. Bxh6
{[%clk 0:58:46]} Nb4 {[%clk 0:42:37]} 22. Qd1 {[%clk 0:58:46]} Bc3
{[%clk 0:42:18]} 23. Rb1 {[%clk 0:58:03]} Nxa2 {[%clk 0:32:24]} 24. h4
{[%clk 0:54:57]} Re6 {[%clk 0:16:51]} 25. Qd3 {[%clk 0:50:50]} Rxf6
{[%clk 0:16:06]} 26. Bg5 {[%clk 0:50:36]} Re6 {[%clk 0:12:42]} 27. Bxd8
{[%clk 0:50:25]} Qxd8 {[%clk 0:13:04]} 28. h5 {[%clk 0:48:13]} Qf6
{[%clk 0:12:14]} 29. Ne5 {[%clk 0:46:37]} Bxd4 {[%clk 0:11:13]} 30. Qxd4
{[%clk 0:46:03]} Rxe5 {[%clk 0:10:34]} 31. Qa7 {[%clk 0:45:08]} Bc8
{[%clk 0:08:27]} 32. Qb8 {[%clk 0:44:50]} Re8 {[%clk 0:07:17]} 33. Qxc7
{[%clk 0:43:15]} Nb4 {[%clk 0:06:51]} 34. hxg6 {[%clk 0:42:57]} fxg6
{[%clk 0:07:04]} 35. Qc5 {[%clk 0:42:56]} Nxc2 {[%clk 0:07:19]} 36. Qxc2
{[%clk 0:43:18]} Bf5 {[%clk 0:07:29]} 37. Nxf5 {[%clk 0:42:46]} Qxf5
{[%clk 0:07:36]} 38. Qxf5 {[%clk 0:42:51]} gxf5 {[%clk 0:08:03]} 39. Rd1
{[%clk 0:43:08]} Re5 {[%clk 0:08:11]} 40. Ra1 {[%clk 0:43:27]} Re6
{[%clk 0:08:32]} 41. Rd1 {[%clk 0:43:38]} Rd6 {[%clk 0:09:01]} 42. Kf1
{[%clk 0:43:49]} Kf7 {[%clk 0:09:27]} 43. Ke2 {[%clk 0:43:31]} Ke6
{[%clk 0:09:24]} 44. f4 {[%clk 0:43:49]} Rc6 {[%clk 0:09:37]} 45. Kd3
{[%clk 0:43:59]} b4 {[%clk 0:09:27]} 46. Re1+ {[%clk 0:44:15]} Kf6
{[%clk 0:09:53]} 47. Kd4 {[%clk 0:43:36]} Rc3 {[%clk 0:09:01]} 48. Kxd5
{[%clk 0:43:41]} Rxb3 {[%clk 0:09:08]} 49. Re6+ {[%clk 0:43:51]} Kf7
{[%clk 0:09:31]} 50. Rxa6 {[%clk 0:42:33]} Ra3 {[%clk 0:05:43]} 51. Rb6
{[%clk 0:41:42]} Ra4 {[%clk 0:05:58]} 52. Kc5 {[%clk 0:40:42]} b3
{[%clk 0:05:29]} 53. Rxb3 {[%clk 0:41:02]} Rxf4 {[%clk 0:05:54]} 54. Rf3
{[%clk 0:41:09]} Rg4 {[%clk 0:04:02]} 55. Rxf5+ {[%clk 0:41:09]} Ke6
{[%clk 0:04:25]} 56. Rf2 {[%clk 0:41:06]} Ke5 {[%clk 0:04:50]} 57. Kb5
{[%clk 0:40:55]} Ke4 {[%clk 0:05:04]} 58. Re2+ {[%clk 0:40:49]} Kd3
{[%clk 0:05:23]} 59. Ra2 {[%clk 0:40:53]} Ke4 {[%clk 0:05:29]} 60. Kc4
{[%clk 0:40:51]} Kf4 {[%clk 0:05:47]} 61. Kd3 {[%clk 0:39:36]} Rg3+
{[%clk 0:06:04]} 62. Kd4 {[%clk 0:39:36]} Kg4 {[%clk 0:06:23]} 63. Ke4
{[%clk 0:39:52]} Rb3 {[%clk 0:06:36]} 64. Rd2 {[%clk 0:39:24]} Kg3
{[%clk 0:06:48]} 65. Kd4 {[%clk 0:39:32]} Rb1 {[%clk 0:07:08]} 66. Ke3
{[%clk 0:39:17]} Re1+ {[%clk 0:06:45]} 67. Kd4 {[%clk 0:39:27]} Rg1
{[%clk 0:07:08]} 68. Kc3 1/2-1/2

[Event "EUYCC 2025 - U10"]
[Site "?"]
[Date "2025.08.27"]
[Round "9.16"]
[White "Janousek, Matej"]
[Black "Bartosova, Emma"]
[Result "0-1"]
[BlackElo "1409"]
[WhiteElo "1447"]
[LiveChessVersion "1.4.8"]

1. e4 {[%clk 1:30:58]} e5 {[%clk 1:30:55]} 2. d4 {[%clk 1:31:21]} exd4
{[%clk 1:31:20]} 3. Nf3 {[%clk 1:31:44]} Nc6 {[%clk 1:29:25]} 4. c3
{[%clk 1:32:10]} d5 {[%clk 1:26:45]} 5. exd5 {[%clk 1:32:34]} Qxd5
{[%clk 1:27:06]} 6. cxd4 {[%clk 1:32:55]} Bg4 {[%clk 1:26:25]} 7. Be2
{[%clk 1:25:19]} Bb4+ {[%clk 1:18:54]} 8. Nc3 {[%clk 1:22:27]} Nf6
{[%clk 1:18:37]} 9. a3 {[%clk 1:22:42]} Bxc3+ {[%clk 1:18:44]} 10. bxc3
{[%clk 1:22:55]} O-O {[%clk 1:18:53]} 11. O-O {[%clk 1:22:36]} Rae8
{[%clk 1:14:05]} 12. Re1 {[%clk 1:17:49]} Re7 {[%clk 1:11:14]} 13. Bg5
{[%clk 1:11:39]} Bxf3 {[%clk 1:07:58]} 14. Bxf6 {[%clk 1:11:55]} Bxe2
{[%clk 1:08:16]} 15. Rxe2 {[%clk 1:07:49]} Rxe2 {[%clk 1:08:38]} 16. Qxe2
{[%clk 1:07:53]} gxf6 {[%clk 1:08:52]} 17. Rd1 {[%clk 1:08:04]} Kh8
{[%clk 1:06:30]} 18. Rd3 {[%clk 1:06:25]} Rg8 {[%clk 1:00:49]} 19. g3
{[%clk 1:06:06]} Qe6 {[%clk 0:57:28]} 20. Re3 {[%clk 1:05:46]} Qd7
{[%clk 0:57:12]} 21. Qf3 {[%clk 1:04:48]} Rg6 {[%clk 0:51:26]} 22. d5
{[%clk 0:59:38]} Ne5 {[%clk 0:49:49]} 23. Qf4 {[%clk 0:58:43]} Qg4
{[%clk 0:48:57]} 24. Qxg4 {[%clk 0:58:06]} Rxg4 {[%clk 0:49:13]} 25. Re2
{[%clk 0:51:49]} Ra4 {[%clk 0:48:42]} 26. Rb2 {[%clk 0:51:18]} b6
{[%clk 0:49:01]} 27. Rb3 {[%clk 0:51:06]} Nc4 {[%clk 0:48:38]} 28. Rb1
{[%clk 0:50:39]} Rxa3 {[%clk 0:48:45]} 29. Re1 {[%clk 0:50:59]} Ne5
{[%clk 0:48:50]} 30. Re3 {[%clk 0:51:05]} Rb3 {[%clk 0:49:05]} 31. f4
{[%clk 0:50:40]} Ng6 {[%clk 0:47:48]} 32. f5 {[%clk 0:50:38]} Ne5
{[%clk 0:48:14]} 33. h3 {[%clk 0:49:16]} a5 {[%clk 0:48:37]} 34. Re4
{[%clk 0:48:18]} b5 35. Re2 {[%clk 0:47:06]} a4 {[%clk 0:48:22]} 36. Rf2
{[%clk 0:45:17]} a3 {[%clk 0:47:35]} 37. Ra2 {[%clk 0:44:57]} Rxc3
{[%clk 0:47:44]} 38. Ra1 {[%clk 0:44:36]} b4 {[%clk 0:48:06]} 39. d6
{[%clk 0:43:54]} cxd6 {[%clk 0:48:10]} 40. Kf2 {[%clk 0:43:25]} b3
{[%clk 0:48:23]} 41. Rxa3 {[%clk 0:43:13]} Rc2+ {[%clk 0:48:41]} 42. Ke3
{[%clk 0:43:11]} b2 {[%clk 0:48:11]} 43. Rb3 {[%clk 0:43:04]} Nc4+
{[%clk 0:47:37]} 44. Kd3 {[%clk 0:42:57]} Rc1 {[%clk 0:47:49]} 45. g4
{[%clk 0:41:48]} b1=Q+ {[%clk 0:48:02]} 46. Rxb1 {[%clk 0:42:07]} Rxb1
{[%clk 0:48:29]} 47. Kxc4 {[%clk 0:42:30]} Rh1 {[%clk 0:48:32]} 48. Kd5
{[%clk 0:41:34]} Rxh3 {[%clk 0:48:10]} 49. Kxd6 {[%clk 0:41:56]} Rg3
{[%clk 0:48:32]} 50. Ke7 {[%clk 0:41:42]} Kg7 {[%clk 0:48:55]} 51. g5
{[%clk 0:41:29]} fxg5 {[%clk 0:49:06]} 52. f6+ {[%clk 0:41:30]} Kg6
{[%clk 0:49:27]} 0-1

[Event "EUYCC 2025 - U12"]
[Site "?"]
[Date "2025.08.20"]
[Round "2.1"]
[White "Slusarczyk, Agnieszka"]
[Black "Bilochenko, Matvii"]
[Result "0-1"]
[BlackElo "1972"]
[WhiteElo "1702"]
[LiveChessVersion "1.4.8"]

1. d4 {[%clk 1:30:51]} Nf6 {[%clk 1:30:56]} 2. c4 {[%clk 1:31:09]} g6
{[%clk 1:31:21]} 3. Nc3 {[%clk 1:31:32]} d5 {[%clk 1:31:45]} 4. Nf3
{[%clk 1:31:11]} Bg7 {[%clk 1:32:01]} 5. g3 {[%clk 1:29:34]} O-O {[%clk 1:30:49]}
6. Bg2 {[%clk 1:28:08]} dxc4 {[%clk 1:25:54]} 7. O-O {[%clk 1:24:27]} c6
{[%clk 1:24:12]} 8. a4 {[%clk 1:22:53]} Nd5 {[%clk 1:20:45]} 9. Re1
{[%clk 1:15:27]} Bg4 {[%clk 1:12:24]} 10. e3 {[%clk 1:14:44]} Nb4
{[%clk 1:07:12]} 11. h3 {[%clk 1:04:11]} Bxf3 {[%clk 1:00:47]} 12. Bxf3
{[%clk 1:03:12]} e5 {[%clk 1:00:08]} 13. d5 {[%clk 0:44:05]} f5 {[%clk 0:44:45]}
14. e4 {[%clk 0:42:16]} cxd5 {[%clk 0:42:34]} 15. Nxd5 {[%clk 0:38:54]} Nxd5
{[%clk 0:40:43]} 16. exd5 {[%clk 0:38:46]} Nd7 {[%clk 0:34:20]} 17. d6
{[%clk 0:36:09]} e4 {[%clk 0:27:46]} 18. Be2 {[%clk 0:34:44]} Rc8
{[%clk 0:26:04]} 19. Bxc4+ {[%clk 0:33:42]} Kh8 {[%clk 0:25:58]} 20. Be6
{[%clk 0:31:18]} Rc6 {[%clk 0:22:22]} 21. Bg5 {[%clk 0:17:11]} Nf6
{[%clk 0:19:14]} 22. Bf4 {[%clk 0:15:45]} Nh5 {[%clk 0:17:49]} 23. Rc1
{[%clk 0:15:09]} Nxf4 {[%clk 0:17:50]} 24. Rxc6 {[%clk 0:14:33]} Nxe6
{[%clk 0:18:00]} 25. Rc4 {[%clk 0:13:46]} Ng5 {[%clk 0:11:59]} 26. Kg2
{[%clk 0:09:59]} Nf3 {[%clk 0:10:13]} 27. Re2 {[%clk 0:10:12]} Ne5
{[%clk 0:09:48]} 28. Rc7 {[%clk 0:09:31]} Nd3 {[%clk 0:09:37]} 29. Qb3
{[%clk 0:08:04]} Qxd6 {[%clk 0:07:56]} 30. Qxb7 {[%clk 0:07:41]} Qf6
{[%clk 0:06:48]} 31. Qxa7 {[%clk 0:03:09]} f4 {[%clk 0:05:49]} 32. Rxe4
{[%clk 0:02:44]} fxg3 {[%clk 0:05:27]} 33. Rc2 {[%clk 0:00:44]} Qf3+
{[%clk 0:05:46]} 34. Kg1 {[%clk 0:00:36]} gxf2+ {[%clk 0:05:26]} 35. Kf1
{[%clk 0:00:43]} Qd1+ {[%clk 0:05:40]} 36. Kg2 {[%clk 0:00:58]} Qg1#
{[%clk 0:06:03]} 0-1

[Event "EUYCC 2025 - U12"]
[Site "?"]
[Date "2025.08.20"]
[Round "2.2"]
[White "Rzadkowska, Lila"]
[Black "Menkov, Ivan"]
[Result "1-0"]
[BlackElo "1657"]
[WhiteElo "1964"]
[LiveChessVersion "1.4.8"]

1. d4 {[%clk 1:30:55]} d5 {[%clk 1:30:54]} 2. c4 {[%clk 1:31:20]} c6
{[%clk 1:31:20]} 3. Nc3 {[%clk 1:31:44]} Nf6 {[%clk 1:31:43]} 4. Nf3
{[%clk 1:32:10]} e6 {[%clk 1:32:08]} 5. Bg5 {[%clk 1:32:34]} h6 {[%clk 1:32:29]}
6. Bxf6 {[%clk 1:30:12]} Qxf6 {[%clk 1:32:48]} 7. e3 {[%clk 1:30:37]} Bd6
{[%clk 1:32:44]} 8. Qc2 {[%clk 1:29:56]} Nd7 {[%clk 1:33:02]} 9. a3
{[%clk 1:28:38]} O-O {[%clk 1:33:15]} 10. Rd1 {[%clk 1:27:11]} b6
{[%clk 1:32:45]} 11. Bd3 {[%clk 1:21:24]} Bb7 {[%clk 1:32:45]} 12. e4
{[%clk 1:20:21]} dxc4 {[%clk 1:32:27]} 13. Bxc4 {[%clk 1:20:34]} e5
{[%clk 1:32:51]} 14. d5 {[%clk 1:19:46]} c5 {[%clk 1:29:04]} 15. O-O
{[%clk 1:19:01]} a6 {[%clk 1:29:24]} 16. a4 {[%clk 1:18:51]} Qg6 {[%clk 1:29:37]}
17. Nh4 {[%clk 1:17:55]} Qf6 {[%clk 1:28:47]} 18. Nf5 {[%clk 1:18:02]} Kh7
{[%clk 1:28:38]} 19. Qd2 {[%clk 1:16:26]} Rfd8 {[%clk 1:28:12]} 20. Rde1
{[%clk 1:09:44]} Nf8 {[%clk 1:28:25]} 21. Nxd6 {[%clk 1:07:19]} Rxd6
{[%clk 1:28:42]} 22. f4 {[%clk 1:07:20]} Rd7 {[%clk 1:22:44]} 23. fxe5
{[%clk 1:05:38]} Qxe5 {[%clk 1:23:05]} 24. Rf5 {[%clk 1:05:41]} Qe7
{[%clk 1:22:29]} 25. e5 {[%clk 1:04:19]} Ne6 {[%clk 1:20:48]} 26. Qf2
{[%clk 1:02:52]} Nd4 {[%clk 1:20:58]} 27. d6 {[%clk 1:02:14]} Qd8
{[%clk 1:18:17]} 28. Rxf7 {[%clk 1:02:04]} Rxf7 {[%clk 1:17:53]} 29. Qxf7
{[%clk 1:01:48]} Qh4 {[%clk 1:16:32]} 30. Bd3+ {[%clk 1:01:07]} Kh8
{[%clk 1:16:45]} 31. Rf1 {[%clk 1:01:13]} Ne6 {[%clk 1:12:03]} 32. Qxb7
{[%clk 1:00:08]} Qd4+ {[%clk 1:12:04]} 33. Kh1 {[%clk 1:00:34]} Rd8
{[%clk 1:10:22]} 34. Qe4 {[%clk 1:00:34]} Re8 {[%clk 1:07:42]} 35. Qh7#
{[%clk 1:00:53]} 1-0

[Event "EUYCC 2025 - U12"]
[Site "?"]
[Date "2025.08.20"]
[Round "2.3"]
[White "Strekalovs, Ernests"]
[Black "Ganea, Yanis-Andrei"]
[Result "1-0"]
[BlackElo "1917"]
[WhiteElo "1683"]
[LiveChessVersion "1.4.8"]

1. Nf3 {[%clk 1:30:58]} Nf6 {[%clk 1:30:50]} 2. g3 {[%clk 1:31:22]} d5
{[%clk 1:30:41]} 3. Bg2 {[%clk 1:31:43]} g6 {[%clk 1:29:53]} 4. d3
{[%clk 1:31:48]} Bg7 {[%clk 1:29:36]} 5. Nbd2 {[%clk 1:31:44]} O-O
{[%clk 1:16:30]} 6. O-O {[%clk 1:30:31]} Re8 {[%clk 1:15:03]} 7. e4
{[%clk 1:30:28]} d4 {[%clk 1:15:16]} 8. a4 {[%clk 1:29:22]} c5 {[%clk 1:10:27]}
9. Nc4 {[%clk 1:28:12]} Nc6 {[%clk 1:09:06]} 10. h3 {[%clk 1:23:46]} Be6
{[%clk 1:04:06]} 11. Nfd2 {[%clk 1:23:09]} Qc8 {[%clk 1:03:56]} 12. Kh2
{[%clk 1:23:25]} Nd7 {[%clk 0:32:47]} 13. f4 {[%clk 1:19:41]} f6 {[%clk 0:32:48]}
14. b3 {[%clk 1:16:41]} Qc7 {[%clk 0:32:21]} 15. Ba3 {[%clk 1:15:57]} Bf7
{[%clk 0:32:10]} 16. h4 {[%clk 1:13:33]} e5 {[%clk 0:32:22]} 17. fxe5
{[%clk 1:12:36]} Ncxe5 {[%clk 0:32:44]} 18. Bh3 {[%clk 1:11:22]} Nxc4
{[%clk 0:32:04]} 19. Nxc4 {[%clk 1:11:05]} Ne5 {[%clk 0:32:24]} 20. Nxe5
{[%clk 1:10:57]} Rxe5 {[%clk 0:32:51]} 21. Qd2 {[%clk 1:09:56]} g5
{[%clk 0:32:27]} 22. hxg5 {[%clk 1:08:17]} Rxg5 {[%clk 0:32:04]} 23. Qf4
{[%clk 1:08:37]} Qe7 {[%clk 0:32:12]} 24. Rae1 {[%clk 1:04:52]} Kh8
{[%clk 0:31:29]} 25. e5 {[%clk 1:02:47]} Rg6 {[%clk 0:24:39]} 26. exf6
{[%clk 1:02:44]} Qxf6 {[%clk 0:24:57]} 27. Qxf6 {[%clk 1:03:09]} Bxf6
{[%clk 0:25:09]} 28. Bxc5 {[%clk 1:03:06]} Rag8 {[%clk 0:22:26]} 29. Rxf6
{[%clk 0:59:18]} Rxf6 {[%clk 0:22:38]} 30. Bxd4 {[%clk 0:59:42]} Rgg6
{[%clk 0:23:00]} 31. Rf1 {[%clk 1:00:01]} Kg7 {[%clk 0:23:03]} 32. Bf5
{[%clk 0:55:44]} Rh6+ {[%clk 0:23:21]} 33. Kg2 {[%clk 0:56:13]} b6
{[%clk 0:19:41]} 34. Be4 {[%clk 0:54:53]} Be6 {[%clk 0:19:22]} 35. Rf4
{[%clk 0:54:24]} Kf7 {[%clk 0:17:29]} 36. Rxf6+ {[%clk 0:54:46]} Rxf6
{[%clk 0:17:52]} 37. Bxf6 {[%clk 0:55:11]} Kxf6 {[%clk 0:18:16]} 38. Bxh7
{[%clk 0:54:47]} Bg4 {[%clk 0:18:23]} 39. Bg8 {[%clk 0:54:28]} Ke5
{[%clk 0:18:45]} 40. c3 {[%clk 0:54:28]} Bd1 {[%clk 0:18:13]} 41. Kf2
{[%clk 0:54:36]} 1-0

[Event "EUYCC 2025 - U12"]
[Site "?"]
[Date "2025.08.20"]
[Round "2.4"]
[White "Pasca, Alexandru-Daniel"]
[Black "Cibickova, Diana"]
[Result "1-0"]
[BlackElo "1502"]
[WhiteElo "1873"]
[LiveChessVersion "1.4.8"]

1. e4 {[%clk 1:30:59]} e5 {[%clk 1:30:55]} 2. Bc4 {[%clk 1:31:26]} Nc6
{[%clk 1:30:16]} 3. d3 {[%clk 1:31:43]} Bc5 {[%clk 1:29:41]} 4. Nc3
{[%clk 1:31:50]} d6 {[%clk 1:29:09]} 5. a3 {[%clk 1:31:47]} a6 {[%clk 1:29:00]}
6. Nf3 {[%clk 1:30:51]} Bg4 {[%clk 1:27:38]} 7. Bg5 {[%clk 1:28:06]} Qd7
{[%clk 1:14:59]} 8. h3 {[%clk 1:22:55]} Be6 {[%clk 1:09:16]} 9. Nd5
{[%clk 1:19:48]} Nce7 {[%clk 1:00:31]} 10. Nxe7 {[%clk 1:08:03]} Nxe7
{[%clk 1:00:39]} 11. c3 {[%clk 1:05:42]} Bxc4 {[%clk 0:59:29]} 12. dxc4
{[%clk 1:06:07]} f6 {[%clk 0:57:30]} 13. Bc1 {[%clk 1:02:31]} Qc6
{[%clk 0:53:42]} 14. Qd3 {[%clk 1:01:28]} Bb6 {[%clk 0:49:10]} 15. b3
{[%clk 0:53:25]} O-O {[%clk 0:41:16]} 16. O-O {[%clk 0:45:38]} Rad8
{[%clk 0:39:33]} 17. Re1 {[%clk 0:41:43]} Qd7 {[%clk 0:37:19]} 18. a4
{[%clk 0:38:15]} Ba7 {[%clk 0:33:29]} 19. Ra2 {[%clk 0:34:01]} Rb8
{[%clk 0:28:40]} 20. Nh4 {[%clk 0:24:37]} f5 {[%clk 0:25:13]} 21. Nf3
{[%clk 0:21:20]} fxe4 {[%clk 0:24:08]} 22. Qxe4 {[%clk 0:21:41]} Qf5
{[%clk 0:22:49]} 23. Bg5 {[%clk 0:19:27]} Qxe4 {[%clk 0:22:18]} 24. Rxe4
{[%clk 0:19:53]} Ng6 {[%clk 0:21:49]} 25. b4 {[%clk 0:15:47]} h6 {[%clk 0:17:57]}
26. Bc1 {[%clk 0:15:58]} Rbe8 {[%clk 0:16:52]} 27. Rae2 {[%clk 0:15:34]} Rd8
{[%clk 0:13:08]} 28. Be3 {[%clk 0:14:00]} Bxe3 {[%clk 0:12:05]} 29. R4xe3
{[%clk 0:14:04]} Rf4 {[%clk 0:10:18]} 30. Nd2 {[%clk 0:13:47]} Rb8
{[%clk 0:09:14]} 31. g3 {[%clk 0:14:01]} Rff8 {[%clk 0:09:23]} 32. Nb3
{[%clk 0:13:10]} b5 {[%clk 0:08:52]} 33. axb5 {[%clk 0:10:49]} axb5
{[%clk 0:09:11]} 34. Na5 {[%clk 0:09:46]} bxc4 {[%clk 0:08:53]} 35. Nxc4
{[%clk 0:10:05]} Ne7 {[%clk 0:08:38]} 36. Rd3 {[%clk 0:09:13]} Rb5
{[%clk 0:07:36]} 37. Kg2 {[%clk 0:08:20]} Rd5 {[%clk 0:07:33]} 38. Red2
{[%clk 0:07:02]} Rxd3 {[%clk 0:07:30]} 39. Rxd3 {[%clk 0:07:30]} d5
{[%clk 0:06:43]} 40. Nxe5 {[%clk 0:07:33]} c6 {[%clk 0:06:24]} 41. Re3
{[%clk 0:06:48]} Rc8 {[%clk 0:05:24]} 42. Nd7 {[%clk 0:06:46]} Kf7
{[%clk 0:04:58]} 43. g4 {[%clk 0:06:06]} Rc7 {[%clk 0:04:55]} 44. Ne5+
{[%clk 0:06:10]} Kg8 {[%clk 0:05:01]} 45. Nd3 {[%clk 0:06:13]} Ng6
{[%clk 0:04:56]} 46. Kg3 {[%clk 0:06:16]} Kf7 {[%clk 0:04:39]} 47. f4
{[%clk 0:06:30]} Kf6 {[%clk 0:04:25]} 48. f5 {[%clk 0:04:55]} Nf8
{[%clk 0:04:06]} 49. Nc5 {[%clk 0:04:10]} Kf7 {[%clk 0:03:25]} 50. Kf2
{[%clk 0:03:23]} Nd7 {[%clk 0:03:13]} 51. Ne6 {[%clk 0:01:49]} Rc8
{[%clk 0:03:09]} 52. Nc5 {[%clk 0:01:42]} Nxc5 {[%clk 0:03:25]} 53. bxc5
{[%clk 0:02:09]} Rd8 {[%clk 0:03:39]} 54. Re6 {[%clk 0:02:11]} Rc8
{[%clk 0:02:41]} 55. Ke3 {[%clk 0:02:28]} Re8 {[%clk 0:01:59]} 56. Rxe8
{[%clk 0:02:53]} Kxe8 {[%clk 0:02:26]} 57. Kd4 1-0

[Event "EUYCC 2025 - U12"]
[Site "?"]
[Date "2025.08.20"]
[Round "2.5"]
[White "Fei, Emie"]
[Black "Konstantinides, Savvas"]
[Result "0-1"]
[BlackElo "1864"]
[WhiteElo "1557"]
[LiveChessVersion "1.4.8"]

1. e4 {[%clk 1:30:56]} c5 {[%clk 1:30:55]} 2. Nf3 {[%clk 1:31:07]} d6
{[%clk 1:31:20]} 3. c3 {[%clk 1:31:22]} Nf6 {[%clk 1:31:40]} 4. Bc4
{[%clk 1:31:13]} Nc6 {[%clk 1:30:40]} 5. d3 {[%clk 1:31:10]} g6 {[%clk 1:30:13]}
6. O-O {[%clk 1:30:49]} Bg7 {[%clk 1:30:34]} 7. Re1 {[%clk 1:29:18]} O-O
{[%clk 1:27:03]} 8. a4 {[%clk 1:24:28]} e5 {[%clk 1:24:43]} 9. Ba2
{[%clk 1:14:24]} Qe7 {[%clk 1:21:52]} 10. Be3 {[%clk 1:05:10]} Be6
{[%clk 1:19:21]} 11. Bxe6 {[%clk 1:01:56]} Qxe6 {[%clk 1:19:40]} 12. h3
{[%clk 0:58:16]} Qe7 {[%clk 1:18:54]} 13. Nbd2 {[%clk 0:51:38]} Rac8
{[%clk 1:11:40]} 14. Nb3 {[%clk 0:41:22]} Rfd8 {[%clk 1:05:11]} 15. c4
{[%clk 0:37:06]} Nd4 {[%clk 1:00:47]} 16. Bxd4 {[%clk 0:35:07]} cxd4
{[%clk 1:00:16]} 17. Nbd2 {[%clk 0:32:24]} Nh5 {[%clk 0:59:16]} 18. g3
{[%clk 0:30:34]} Qd7 {[%clk 0:48:47]} 19. Kh2 {[%clk 0:26:24]} a5
{[%clk 0:46:54]} 20. Nb1 {[%clk 0:21:46]} Bh6 {[%clk 0:45:05]} 21. Na3
{[%clk 0:20:55]} Ng7 {[%clk 0:44:48]} 22. Nb5 {[%clk 0:19:25]} Ne6
{[%clk 0:44:22]} 23. Nd2 {[%clk 0:18:16]} Bxd2 {[%clk 0:44:18]} 24. Qxd2
{[%clk 0:18:33]} Kg7 {[%clk 0:42:57]} 25. Qxa5 {[%clk 0:18:17]} Ng5
{[%clk 0:43:04]} 26. g4 {[%clk 0:17:42]} Nf3+ {[%clk 0:42:30]} 27. Kg2
{[%clk 0:17:36]} Nxe1+ {[%clk 0:42:44]} 28. Qxe1 {[%clk 0:17:59]} f5
{[%clk 0:42:17]} 29. f3 {[%clk 0:17:54]} fxg4 {[%clk 0:41:51]} 30. fxg4
{[%clk 0:18:16]} Rf8 {[%clk 0:39:42]} 31. Qd2 {[%clk 0:17:17]} Rf4
{[%clk 0:39:29]} 32. Rf1 {[%clk 0:17:23]} Rcf8 {[%clk 0:39:36]} 33. Rxf4
{[%clk 0:17:41]} Rxf4 {[%clk 0:39:54]} 34. b3 {[%clk 0:17:46]} Kh8
{[%clk 0:38:06]} 35. Qe2 {[%clk 0:17:32]} g5 {[%clk 0:36:51]} 36. Qd2
{[%clk 0:17:04]} h5 {[%clk 0:36:38]} 37. gxh5 {[%clk 0:16:41]} Rh4
{[%clk 0:34:01]} 38. Qxg5 {[%clk 0:15:46]} Qxh3+ {[%clk 0:34:19]} 39. Kf2
{[%clk 0:15:26]} Rf4+ {[%clk 0:34:38]} 0-1

[Event "EUYCC 2025 - U12"]
[Site "?"]
[Date "2025.08.20"]
[Round "2.6"]
[White "Lazars, Krisjanis"]
[Black "Guzdziol, Olaf"]
[Result "1-0"]
[BlackElo "1492"]
[WhiteElo "1845"]
[LiveChessVersion "1.4.8"]

1. e4 {[%clk 1:30:59]} c5 {[%clk 1:30:41]} 2. Nf3 {[%clk 1:31:27]} Nc6
{[%clk 1:30:41]} 3. Bb5 {[%clk 1:31:47]} e6 {[%clk 1:29:39]} 4. O-O
{[%clk 1:31:14]} d5 {[%clk 1:28:24]} 5. e5 {[%clk 1:27:25]} Nge7 {[%clk 1:28:19]}
6. c3 {[%clk 1:27:36]} a6 {[%clk 1:26:47]} 7. Bxc6+ {[%clk 1:26:56]} Nxc6
{[%clk 1:27:10]} 8. d4 {[%clk 1:27:08]} Bd7 {[%clk 1:24:55]} 9. a3
{[%clk 1:21:23]} Be7 {[%clk 1:17:57]} 10. b4 {[%clk 1:19:54]} c4 {[%clk 1:16:31]}
11. Be3 {[%clk 1:19:11]} O-O {[%clk 1:15:13]} 12. Nbd2 {[%clk 1:09:38]} Qb6
{[%clk 1:13:52]} 13. h4 {[%clk 1:07:25]} a5 {[%clk 1:12:47]} 14. Qe2
{[%clk 0:59:02]} axb4 {[%clk 1:10:33]} 15. axb4 {[%clk 0:59:29]} Ra7
{[%clk 1:09:18]} 16. g3 {[%clk 0:58:50]} Rfa8 {[%clk 1:09:22]} 17. Rac1
{[%clk 0:58:52]} Ra2 {[%clk 1:07:27]} 18. Kg2 {[%clk 0:58:14]} R8a3
{[%clk 1:06:22]} 19. Qd1 {[%clk 0:55:57]} Na7 {[%clk 1:05:25]} 20. Ng5
{[%clk 0:47:34]} h6 {[%clk 1:02:28]} 21. Nh3 {[%clk 0:42:26]} Bf8
{[%clk 0:59:14]} 22. Qg4 {[%clk 0:41:53]} Kh7 {[%clk 0:55:12]} 23. Rh1
{[%clk 0:38:54]} Qd8 {[%clk 0:53:34]} 24. Nf3 {[%clk 0:37:49]} f5
{[%clk 0:51:24]} 25. exf6 {[%clk 0:34:35]} Qxf6 {[%clk 0:49:59]} 26. Ne5
{[%clk 0:31:39]} Be8 {[%clk 0:49:33]} 27. Ng5+ {[%clk 0:28:15]} Kg8
{[%clk 0:48:59]} 28. Nxe6 {[%clk 0:27:29]} h5 {[%clk 0:48:09]} 29. Qh3
{[%clk 0:27:54]} Bxb4 {[%clk 0:47:01]} 30. Nf4 {[%clk 0:24:45]} Rxc3
{[%clk 0:43:21]} 31. Rxc3 {[%clk 0:23:56]} Bxc3 {[%clk 0:43:35]} 32. Rb1
{[%clk 0:22:41]} b5 {[%clk 0:43:49]} 33. Nxd5 {[%clk 0:21:28]} Bc6
{[%clk 0:42:54]} 34. Nxc6 {[%clk 0:21:48]} Qxc6 {[%clk 0:43:18]} 35. Qf5
{[%clk 0:22:04]} g6 {[%clk 0:41:22]} 36. Qe4 Kg7 37. Nxc3 Qxe4+ {[%clk 0:36:24]}
38. Nxe4 1-0